Random matrix theory and its applications (Record no. 238016)
[ view plain ]
| 000 -LEADER | |
|---|---|
| fixed length control field | 01536nam a2200349 a 4500 |
| 245 00 - TITLE STATEMENT | |
| Title | Random matrix theory and its applications |
| 260 ## - PUBLICATION, DISTRIBUTION, ETC. (IMPRINT) | |
| Place of publication | Hackensack, N.J. : |
| Name of publisher | World Scientific, |
| Year of publication | c2009. |
| 300 ## - PHYSICAL DESCRIPTION | |
| Number of Pages | x, 165 p. : |
| Other physical details | ill. (some col.). |
| 490 1# - SERIES STATEMENT | |
| Series statement | Lecture notes series, Institute for Mathematical Sciences, National University of Singapore, |
| 650 #0 - SUBJECT ADDED ENTRY--TOPICAL TERM | |
| Topical Term | Random matrices. |
| 700 1# - ADDED ENTRY--PERSONAL NAME | |
| Personal name | Bai, Zhidong. |
| Personal name | Chen, Yang. |
| Personal name | Liang, Ying-Chang. |
| 856 40 - ELECTRONIC LOCATION AND ACCESS | |
| Uniform Resource Identifier | http://site.ebrary.com/lib/rucke/Doc?id=10422343 |
No items available.
